Normal view
MARC view
Entry Topical Term
001 - CONTROL NUMBER
- control field: 117531
003 - CONTROL NUMBER IDENTIFIER
- control field: BI-BuBU
005 - DATE AND TIME OF LATEST TRANSACTION
- control field: 20150907141706.0
008 - FIXED-LENGTH DATA ELEMENTS
- fixed length control field: 150907|||a|||||| | ||| d
040 ## - CATALOGING SOURCE
- Original cataloging agency: BI-BuBU
- Transcribing agency: BI-BuBU
150 ## - HEADING--TOPICAL TERM
- Topical term or geographic name as entry element: Littérature comparée.Introduction.2ème candidature.
670 ## - SOURCE DATA FOUND
- Source citation: Work cat.: (BI-BuBU): aut Ngogwanubusa,Juvénal 117530, Introduction à la littérature comparée, 2ème candidature, 2013
670 ## - SOURCE DATA FOUND
- Source citation: Work cat.: (BI-BuBU): aut Ngogwanubusa,Juvénal 117530, Introduction à la littérature comparée, 2ème candidature, 2013